CMOS Digital Integrated Circuits : Analysis & Design (Record no. 10142)

MARC details
000 -LEADER
fixed length control field 00452nam a2200181Ia 4500
008 - FIXED-LENGTH DATA ELEMENTS--GENERAL INFORMATION
fixed length control field 221030s9999 xx 000 0 und d
020 ## - INTERNATIONAL STANDARD BOOK NUMBER
ISBN 0070530775
041 ## - LANGUAGE CODE
Language code of text/sound track or separate title
082 ## - DEWEY DECIMAL CLASSIFICATION NUMBER
Classification number 105.23
100 ## - MAIN ENTRY--AUTHOR NAME
Personal name S. M. Kang
245 #0 - TITLE STATEMENT
Title CMOS Digital Integrated Circuits : Analysis & Design
Statement of responsibility, etc by S. M. Kang, Y. Leblebici
250 ## - EDITION STATEMENT
Edition statement 3rd
260 ## - PUBLICATION, DISTRIBUTION, ETC. (IMPRINT)
Name of publisher TMH
Place of publication New Delhi
Year of publication 2011
300 ## - PHYSICAL DESCRIPTION
Number of Pages 655
650 ## - SUBJECT ADDED ENTRY--TOPICAL TERM
Topical Term ECE
700 ## - ADDED ENTRY--PERSONAL NAME
Personal name Y. Leblebici
942 ## - ADDED ENTRY ELEMENTS (KOHA)
Koha item type Books
Holdings
Accession Number Cost, normal purchase price Bill Date Full call number Source of acquisition Price effective from Koha item type Withdrawn / writtenoff status Materials specified (bound volume or other part) Damaged status Not for loan Permanent Location Current Location Shelving location Date acquired Lost/ Missing status department
BE 12482 465.00 766 105.23 Zigma, Jammu 10/30/2022 Books   Print     MIET Library, Jammu MIET Library, Jammu BL-Academic Block B, FL-2, CUP-163, SH-2, R-2 02/18/2012   BE
BE 12483 465.00 766 105.23 Zigma, Jammu 10/30/2022 Books   Print     MIET Library, Jammu MIET Library, Jammu BL-Academic Block C, FL-2, CUP-163, SH-2, R-2 02/18/2012   BE
BE 12484 465.00 766 105.23 Zigma, Jammu 10/30/2022 Books   Print     MIET Library, Jammu MIET Library, Jammu BL-Academic Block C, FL-2, CUP-163, SH-2, R-2 02/18/2012   BE
BE 12485 465.00 766 105.23 Zigma, Jammu 10/30/2022 Books   Print     MIET Library, Jammu MIET Library, Jammu BL-Academic Block C, FL-2, CUP-163, SH-2, R-2 02/18/2012   BE
BE 12486 465.00 766 105.23 Zigma, Jammu 10/30/2022 Books   Print     MIET Library, Jammu MIET Library, Jammu BL-Academic Block C, FL-2, CUP-163, SH-2, R-2 02/18/2012   BE